Modern aspects of inorganic chemistry. (Record no. 113305)
[ view plain ]
| 000 -LEADER | |
|---|---|
| fixed length control field | 00573nam a2200217Ia 4500 |
| 003 - CONTROL NUMBER IDENTIFIER | |
| control field | OSt |
| 005 - DATE AND TIME OF LATEST TRANSACTION | |
| control field | 20251103144826.0 |
| 008 - FIXED-LENGTH DATA ELEMENTS--GENERAL INFORMATION | |
| fixed length control field | 210210b1978 xxu||||| |||| 00| 0 eng d |
| 020 ## - INTERNATIONAL STANDARD BOOK NUMBER | |
| International Standard Book Number | 0 7 100 8941 4 |
| 040 ## - CATALOGING SOURCE | |
| Transcribing agency | AL |
| 041 ## - LANGUAGE CODE | |
| Language code of text/sound track or separate title | English |
| 082 ## - DEWEY DECIMAL CLASSIFICATION NUMBER | |
| Classification number | 546 EMEM |
| 100 ## - MAIN ENTRY--PERSONAL NAME | |
| Personal name | EMELEUS (H J) & SHARPE (A G). |
| 9 (RLIN) | 137332 |
| 245 ## - TITLE STATEMENT | |
| Title | Modern aspects of inorganic chemistry. |
| 260 ## - PUBLICATION, DISTRIBUTION, ETC. | |
| Place of publication, distribution, etc. | London |
| Name of publisher, distributor, etc. | Routledg & Kegan Paul |
| Date of publication, distribution, etc. | 1978 |
| 300 ## - PHYSICAL DESCRIPTION | |
| Extent | xv,677 |
| 650 ## - SUBJECT ADDED ENTRY--TOPICAL TERM | |
| Topical term or geographic name entry element | Inorganic Chemistry |
| 9 (RLIN) | 137333 |
| 690 ## - LOCAL SUBJECT ADDED ENTRY--TOPICAL TERM (OCLC, RLIN) | |
| Topical term or geographic name as entry element | Inorganic Chemistry |
| 9 (RLIN) | 137333 |
| 906 ## - LOCAL DATA ELEMENT F, LDF (RLIN) | |
| a | SG02328 |
| 942 ## - ADDED ENTRY ELEMENTS (KOHA) | |
| Source of classification or shelving scheme | Dewey Decimal Classification |
| Koha item type | Book |
| Withdrawn status | Lost status | Source of classification or shelving scheme | Damaged status | Not for loan | Collection code | Home library | Current library | Shelving location | Date acquired | Cost, normal purchase price | Total Checkouts | Full call number | Barcode | Date last seen | Price effective from | Koha item type |
|---|---|---|---|---|---|---|---|---|---|---|---|---|---|---|---|---|
| Dewey Decimal Classification | Chemistry | St Aloysius Library | St Aloysius Library | Secondary stack section | 02/17/2021 | 0.00 | 546 EMEM | 030971 | 02/17/2021 | 02/17/2021 | Book | |||||
| St Aloysius Library | St Aloysius Library | 02/17/2021 | 0.00 | 546 EMEM | 032432 | 02/17/2021 | 02/17/2021 | Book | ||||||||
| St Aloysius Library | St Aloysius Library | 02/17/2021 | 0.00 | 546 EMEM | SG02328 | 02/17/2021 | 02/17/2021 | Special Grants | ||||||||
| Dewey Decimal Classification | Chemistry | St Aloysius Library | St Aloysius Library | Secondary stack section | 06/01/2001 | 546 EMEM | D00482 | 07/19/2021 | 07/19/2021 | Donated Books |